Statistics for Luxembourg, Luxemburg: Communes, Gemeenten

Click here to take the quiz!

General Stats

  • This quiz has been taken 608 times
  • The average score is 22 of 44

Answers on the Map

Answers color-coded by a green-red scale on the quiz's map according to % correct below.
 

Answer Stats

Solutions / Antwoorden% Correct
Arlon / Aarlen
93%
Bastogne / Bastenaken
86%
Virton
77%
Durbuy
73%
Bouillon
70%
Marche-en-Famenne
69%
La Roche-en-Ardenne
63%
Neufchâteau
60%
Vielsalm
59%
Houffalize
58%
Libramont-Chevigny
58%
Gouvy
56%
Saint-Hubert
55%
Bertrix
54%
Florenville
51%
Martelange
50%
Aubange
48%
Chiny
48%
Wellin
46%
Bertogne
45%
Habay
45%
Hotton
45%
Léglise
45%
Libin
45%
Palisseul
45%
Sainte-Ode
45%
Tellin
45%
Attert
44%
Meix-devant-Virton
43%
Messancy
43%
Daverdisse
42%
Nassogne
42%
Rouvroy
40%
Herbeumont
39%
Érezée
38%
Étalle
38%
Tenneville
38%
Tintigny
38%
Manhay
37%
Rendeux
37%
Vaux-sur-Sûre
37%
Fauvillers
35%
Saint-Léger
35%
Musson
33%

Score Distribution

Percentile by Number Answered

Percent of People with Each Score

Your Score History

You have not taken this quiz